000 00352nam a22001577a 4500
003 SGT
020 _a818974763-0
082 _a615.10
_bBAN
100 _aBANSAL, RAJPAL
245 _aPHARMACEUTICAL MICROBIOLOGY
250 _a2ND
260 _aINDIA
_bBIRLA PUB.
_c2023
300 _a448
650 _aPHARMACEUTICAL MICROBIOLOGY
942 _2ddc
_cBK
999 _c33037
_d33037